Habitat protection and planning permissions (Record no. 74407)

MARC details
000 -LEADER
fixed length control field 01369cab a2200253 4500
001 - CONTROL NUMBER
control field ABS67878
008 - FIXED-LENGTH DATA ELEMENTS--GENERAL INFORMATION
fixed length control field 040525n2004 000 0 eng u
035 ## - SYSTEM CONTROL NUMBER
System control number (Sirsi) u126290
100 ## - MAIN ENTRY--PERSONAL NAME
Personal name Macrory, R.
245 ## - TITLE STATEMENT
Title Habitat protection and planning permissions
260 ## - PUBLICATION, DISTRIBUTION, ETC.
Date of publication, distribution, etc. 2004
490 ## - SERIES STATEMENT
Series statement ENDS Report
Volume/sequential designation (351) April 2004, 56(1)
520 ## - SUMMARY, ETC.
Summary, etc. The High Court has raised important questions about the viability of wildlife conservation measures introduced under the Conservation (Natural Habitats, Etc) Regulations 1994 in the light of existing permissions. In a case involving an old quarry, "4th Duke of Westminster's 1964 Settlement Trustees v Welsh Assembly" ([2004] EWHC 50 (Admin), [2004] 7 EG 130 (CS)), the court held that existing permissions could legitimise activities that might damage a designated habitat and that the Welsh Assembly had been wrong in rejecting this as a relevant factor when considering whether to grant a licence to disturb a habitat.
590 ## - LOCAL NOTE (RLIN)
Local note ABS
650 ## - SUBJECT ADDED ENTRY--TOPICAL TERM
Topical term or geographic name entry element CONSERVATION (NATURAL HABITATS, ETC.) REGULATIONS 1994
650 ## - SUBJECT ADDED ENTRY--TOPICAL TERM
Topical term or geographic name entry element DIRECTIVE 92/43/EEC
650 ## - SUBJECT ADDED ENTRY--TOPICAL TERM
Topical term or geographic name entry element 4TH DUKE OF WESTMINSTER'S 1964 SETTLEMENT TRUSTEES V WELSH ASSEMBLY
650 ## - SUBJECT ADDED ENTRY--TOPICAL TERM
Topical term or geographic name entry element QUARRYING
650 ## - SUBJECT ADDED ENTRY--TOPICAL TERM
Topical term or geographic name entry element PLANNING PERMISSIONS
650 ## - SUBJECT ADDED ENTRY--TOPICAL TERM
Topical term or geographic name entry element HABITAT PROTECTION
650 ## - SUBJECT ADDED ENTRY--TOPICAL TERM
Topical term or geographic name entry element PLANNING APPLICATIONS
690 ## - LOCAL SUBJECT ADDED ENTRY--TOPICAL TERM (OCLC, RLIN)
Topical term or geographic name as entry element RURAL-NATURE CONSERVATION
942 ## - ADDED ENTRY ELEMENTS (KOHA)
Suppress in OPAC 0
Holdings
Withdrawn status Lost status Source of classification or shelving scheme Damaged status Not for loan Home library Current library Shelving location Date acquired Total Checkouts Full call number Barcode Date last seen Copy number Price effective from Koha item type
    Dewey Decimal Classification     London London Journal article 25/05/2004   ABS67878 126290-1001 06/08/2019 1 06/08/2019 Journal article